Využití ergonomických poznatků při racionalizaci práce /

Corporate Author: Československo. Federální ministerstvo práce a sociálních věcí
Other Authors: Hanker, Jozef, Adamcová, Zora, Československý výskumný ústav práce a sociálnych vecí v Bratislave
Language: Czech
Published: Praha : Práce, 1976
Edition: 1. čes. vyd.
Series: Metodika racionalizace práce
Online Access: Digitalizovaný dokument
Physical Description: 174 s. : il. ; 8°
Book
Saved in:
LEADER 02014nam a22004212a 4500
001 000070213
003 CZ BrMZK
005 20120720102349.0
007 ta
008 950407s1976 xr a f 000 0 cze d
015 |a cnb000458706 
035 |a (OCoLC)42094305 
040 |a ABA001  |b cze  |c KLG001  |d ABA001 
041 1 |a cze  |h slo 
080 9 |a 331:159.9]:65.011.42 
245 0 0 |a Využití ergonomických poznatků při racionalizaci práce /  |c Jozef Hanker ... [et al.] ; ze sloveneského originálu ... přeložila Zora Adamcová a Helena Šulcová 
250 |a 1. čes. vyd. 
260 |a Praha :  |b Práce,  |c 1976 
300 |a 174 s. :  |b il. ;  |c 8° 
490 1 |a Metodika racionalizace práce ;  |v sv. 4 
500 |a Terminologický slovník 
500 |a 8500 výt. 
504 |a Obsahuje bibliografii 
550 |a Vydavatel: Federální ministerstvo práce a sociálních věcí, Praha a Československý výzkumný ústav práce a sociálních věcí, Bratislava 
500 |a Dostupné též v digitální podobě v aplikaci Kramerius 
700 1 |a Hanker, Jozef  |7 jx20060824008  |4 aut 
700 1 |a Adamcová, Zora  |7 jk01010033  |4 aut 
710 1 |a Československo.  |b Federální ministerstvo práce a sociálních věcí  |7 kn20010711426 
710 2 |a Československý výskumný ústav práce a sociálnych vecí v Bratislave  |7 ko2004252954 
765 0 |t Využitie ergonomických poznatkov pri racionalizácii práce  |9 Česky 
830 0 |a Metodika racionalizace práce 
856 4 1 |u http://www.digitalniknihovna.cz/mzk/uuid/uuid:5402a0b0-5709-11e7-a7b7-005056827e51  |y Digitalizovaný dokument  |x NDK 
910 |a BOA001  |b PK-0077.943  |b 2-0763.750 
920 |a 000234055 
990 |a BK 
996 7 |b 2619809903  |c 2-0763.750  |l MZK  |r Sklad / do 1 hodiny  |n 0  |w 000070213  |u 000030  |a 1  |e BOA001  |j MZK50  |s A 
996 6 |b 2619897647  |c 2-0763.750  |l MZK  |r Sklad / do 1 hodiny  |n 7  |w 000070213  |u 000020  |a 1  |e BOA001  |j MZK50  |s P 
996 7 |b 3119964209  |c PK-0077.943  |l MZK  |r Sklad / do 1 hodiny  |n 3  |w 000070213  |u 000010  |a 1  |e BOA001  |j MZK50  |s A